Fisiología y manipulación de frutas y hortalizas post-recolección /

Guardado en:
Autor Principal: Wills, R.H.H.
Formato: Libro
Idioma:Spanish
Publicado: Zaragoza : Acribia, 1984.
Etiquetas: Agregar Etiqueta
Sin Etiquetas, Sea el primero en etiquetar este registro!
LEADER 00828nam a22001695a 4500
001 EEA.libagro006236
005 20161020122603.0
008 130809s1984####sp#a##########000#0#spa#d
020 |a 8420005509 
082 0 4 |a 634.046015811 
100 1 |a Wills, R.H.H. 
245 1 0 |a Fisiología y manipulación de frutas y hortalizas post-recolección /  |c R.H.H. Wills ... [et al.] ; traducido del inglés por Justino Burgos González. 
260 |a Zaragoza :  |b Acribia,  |c 1984. 
300 |a 195 p. :  |b il. ;  |c 21 cm. 
500 |a Tít. orig.: Postharvest, An introduction to the physiology and handling of fruit and vegetables. 
500 |a Incluye lista de abreviaturas, glosario de términos botánicos y apéndices de procedimientos para la determinación de humedad, temperatura, etc. 
859 |a AR-BbBCA  |b BIB. AGRONOMIA  |h 634.046015811  |i W741  |p 1999/3597